<?xml version="1.0" encoding="UTF-8"?><?xml-stylesheet type="text/xsl" href="static/style.xsl"?><OAI-PMH xmlns="http://www.openarchives.org/OAI/2.0/" xmlns:xsi="http://www.w3.org/2001/XMLSchema-instance" xsi:schemaLocation="http://www.openarchives.org/OAI/2.0/ http://www.openarchives.org/OAI/2.0/OAI-PMH.xsd"><responseDate>2026-04-27T21:44:52Z</responseDate><request verb="GetRecord" identifier="oai:uvadoc.uva.es:10324/7262" metadataPrefix="marc">https://uvadoc.uva.es/oai/request</request><GetRecord><record><header><identifier>oai:uvadoc.uva.es:10324/7262</identifier><datestamp>2025-02-13T13:30:29Z</datestamp><setSpec>com_10324_38</setSpec><setSpec>col_10324_852</setSpec></header><metadata><record xmlns="http://www.loc.gov/MARC21/slim" xmlns:doc="http://www.lyncode.com/xoai" xmlns:xsi="http://www.w3.org/2001/XMLSchema-instance" xmlns:dcterms="http://purl.org/dc/terms/" xsi:schemaLocation="http://www.loc.gov/MARC21/slim http://www.loc.gov/standards/marcxml/schema/MARC21slim.xsd">
<leader>00925njm 22002777a 4500</leader>
<datafield tag="042" ind1=" " ind2=" ">
<subfield code="a">dc</subfield>
</datafield>
<datafield tag="720" ind1=" " ind2=" ">
<subfield code="a">Prádanos Salas, Sara</subfield>
<subfield code="e">author</subfield>
</datafield>
<datafield tag="260" ind1=" " ind2=" ">
<subfield code="c">2014</subfield>
</datafield>
<datafield tag="520" ind1=" " ind2=" ">
<subfield code="a">El Trabajo Fin de Grado que a continuación se expone, hace un recorrido por un mundo tan desconocido para unos, pero a la vez tan enriquecedor para otros, como es el trabajo de las emociones dentro de un Centro Rural Agrupado (CRA). Describiré de una manera sencilla lo que es un Centro Rural Agrupado, sus características, funcionamiento, organización…. Además de esto describiré lo que son las emociones, tipos, funciones y estructura de estas. No podemos olvidar la importancia de la educación emocional en este tipo de centros, al igual que ocurre en el resto de colegios ordinarios.</subfield>
</datafield>
<datafield tag="024" ind2=" " ind1="8">
<subfield code="a">http://uvadoc.uva.es/handle/10324/7262</subfield>
</datafield>
<datafield ind1=" " ind2=" " tag="653">
<subfield code="a">Educación afectiva</subfield>
</datafield>
<datafield ind1=" " ind2=" " tag="653">
<subfield code="a">Inteligencia emocional</subfield>
</datafield>
<datafield ind1=" " ind2=" " tag="653">
<subfield code="a">Emociones</subfield>
</datafield>
<datafield tag="245" ind1="0" ind2="0">
<subfield code="a">El trabajo de las emociones en un Centro Rural Agrupado (C.R.A.)</subfield>
</datafield>
</record></metadata></record></GetRecord></OAI-PMH>